000 01320nam a2200349 c 4500
003 BLK
005 20250606141221.0
008 180410b bul|||||r ||||||| ||bul||
010 _aKNG00165102000
020 _a954-597-224-6
_bиздат.: Фама
040 _aBLK
041 _aBUL
_cBUL
072 7 _2bullib
_aН83
_xЧужда художествена литература Н
080 _aБългарска литература
_b821.163.2
_x-32
_z821.163.2-32
100 1 _aЕнев, Деян
_eпърви автор
_gПопов, Деян Енев
_9365263
700 1 _aПопов, Деян Енев
_e*
_9272523
139 _aЕнев, Деян
_bЕ 64
245 1 0 _aВсички на носа на гемията
_b61 разказа
_cДеян Енев; * Деян Енев Попов.
257 _aBGR
260 София
_bФама
_c2005
_fСофия : Унискорп
300 _a272 с.
_c20 см
380 _aX
500 _aПълното име на авт. е Деян Енев Попов. - Съдържа и за авт.
653 _aразкази
659 _aН
852 _aЦб 270826
856 4 _qpdf
_u
856 4 _qpdf
_u
942 _cKNG
_n0
_05
944 _aCR
_c23.09.2014
_lРусанова Ирена
_k30542
944 _aED
_c24.10.2014
_lф /
_k
999 _c158095
_d158095